Asiatische Binnenstaaten - Sudden Death - Statistiken

Allgemein
  • Dieses Quiz wurde 313 mal gespielt
  • Das Durchschnittsergebnis liegt bei 6 aus 12
Answers on the Grid
Answers color-coded by a green-red scale on the quiz's grid according to % correct below.
Laos🇱🇦
Bhutan🇧🇹
Mongolei🇲🇳
Afghanistan🇦🇫
Kasachstan🇰🇿
Kirgisistan🇰🇬
Tadschikistan🇹🇯
Turkmenistan🇹🇲
Usbekistan🇺🇿
Armenien🇦🇲
Aserbaidschan🇦🇿
Nepal🇳🇵
Georgien🇬🇪
Irak🇮🇶
Belarus🇧🇾
Libanon🇱🇧
Israel🇮🇱
Kuwait🇰🇼
Pakistan🇵🇰
Iran🇮🇷
Bangladesch🇧🇩
Kambodscha🇰🇭
Osttimor🇹🇱
Russland🇷🇺
Nordkorea🇰🇵
Brunei🇧🇳
Bahrain🇧🇭
Katar🇶🇦
Myanmar🇲🇲
Vietnam🇻🇳
Syrien🇸🇾
Jordanien🇯🇴
 
Antwortstatistiken
Antwort % Korrekt
Nepal🇳🇵
57%
Usbekistan🇺🇿
55%
Laos🇱🇦
54%
Mongolei🇲🇳
54%
Bhutan🇧🇹
51%
Tadschikistan🇹🇯
49%
Kasachstan🇰🇿
48%
Turkmenistan🇹🇲
48%
Kirgisistan🇰🇬
46%
Afghanistan🇦🇫
36%
Armenien🇦🇲
34%
Aserbaidschan🇦🇿
30%
Keine übereinstimmenden Quizze gefunden
Verteilung der Resultate
Anzahl Personen mit jedem Resultat
Perzentil nach korrekt beantworteten Fragen
Ihre Resultats-Entwicklung
Sie haben dieses Quiz noch nicht gespielt